| 000 | 00503nam a22001817a 4500 | ||
|---|---|---|---|
| 999 |
_c4181 _d234685 |
||
| 080 | _a342.72/73 Ab 75 | ||
| 245 | _aLos Abogados el Estado de Derecho y los Derechos Humanos | ||
| 260 |
_aLa Plata _bFederacion Argentina del Colegio de Abogados _c2006 |
||
| 300 | _a169 P. | ||
| 650 | _xderechos humanos | ||
| 650 | _xestado de derecho | ||
| 650 | _xestado de sitio | ||
| 650 | _xabogados | ||
| 650 | _xdesaparecidos | ||
| 650 | _xterrorismo de estado | ||
| 942 | _6_ | ||
| 945 |
_acd _d2015-10-08 |
||